000
00269nam a22001217a 4500
008
170508b xxu||||| |||| 00| 0 eng d
041
_a
eng
080
_2
6TH
_a
34
100
_a
15
101
_a
SHJ
245
_a
FACTS ABOUT THE PRESIDENTS
_c
KANE, J.N
942
_2
udc
_c
BK
999
_c
12961
_d
12961